000 01050nam a2200361 a 4500
003 AR-BaBNM
005 20251128204439.0
008 082120s2002 ||||||||||||||000 | spa||
020 _a950-13-6054-7
040 _cAR-BaBNM
100 1 _aHarmer, Earl W.
245 0 0 _aLa práctica de la enseñanza
_bprimeros pasos del practicante y del docente
260 _aBuenos Aires
_bKapelusz
_c1993
300 _a141 p.
490 0 _aBiblioteca de cultura pedagógica
500 _aContiene fichas de actividades
504 _aContiene bibliografía
650 4 _aFORMACION DE DOCENTES
650 4 _aFORMADORES DE DOCENTES
650 4 _aMETODOS DE ENSEÑANZA
650 4 _aTECNICAS DIDACTICAS
650 4 _aTECNICAS DE EVALUACION
650 4 _aMATERIAL DIDACTICO
650 4 _aPLANES DE CLASE
650 4 _aPRACTICA DOCENTE
650 4 _aDISCIPLINA ESCOLAR
650 4 _aEXPERIENCIA PEDAGOGICA
650 4 _aESTUDIANTES-DOCENTES
650 4 _aPRUEBAS ESCOLARES
653 _aEDUCACION PRIMARIA
942 _cBK
998 _cGrace
999 _c7461
_d7461